LEADER 04035nam 2200685Ia 450 001 9910460036903321 005 20210518030056.0 010 $a1-282-73250-1 010 $a9786612732508 010 $a0-520-94732-0 024 7 $a10.1525/9780520947320 035 $a(CKB)2670000000041750 035 $a(EBL)572073 035 $a(OCoLC)659563230 035 $a(SSID)ssj0000420988 035 $a(PQKBManifestationID)11294563 035 $a(PQKBTitleCode)TC0000420988 035 $a(PQKBWorkID)10407507 035 $a(PQKB)10601517 035 $a(MiAaPQ)EBC572073 035 $a(DE-B1597)520851 035 $a(DE-B1597)9780520947320 035 $a(PPN)163218005 035 $a(Au-PeEL)EBL572073 035 $a(CaPaEBR)ebr10409325 035 $a(CaONFJC)MIL273250 035 $a(EXLCZ)992670000000041750 100 $a20091223d2010 ub 0 101 0 $aeng 135 $aurun#---|uu|u 181 $ctxt 182 $cc 183 $acr 200 10$aIntroduction to earth, soil, and land in California$b[electronic resource] /$fDavid Carle 210 $aBerkeley $cUniversity of California Press$dc2010 215 $a1 online resource (252 p.) 225 1 $aCalifornia natural history guide series ;$vno. 101 300 $aDescription based upon print version of record. 311 0 $a0-520-26681-1 311 0 $a0-520-25828-2 320 $aIncludes bibliographical references and index. 327 $tFront matter --$tCONTENTS --$tACKNOWLEDGMENTS --$tINTRODUCTION --$tSoil Profiles and Categories --$tCities in the Soil --$tDecomposers, Partners, and Parasites --$tShredders, Grazers, and Predators --$tHigher-Level Predators --$tBurrowers for Shelter and Food --$tLines on the Land --$tHarvesting Wealth from the Earth --$tFire and Soil --$tWildland Management --$tUNTAMED LAND --$tWhy Farmlands Matter --$tDirt First! --$tDeath by a Thousand Cuts --$tMount Trashmores --$tEcological Footprints --$tCompassionate Numbers --$tFrom Earthworms to Earth Day --$tOnline Soil and Land Resources --$tReferences --$tArt Credits --$tAdditional Captions --$tIndex --$tAbout the author 330 $aFollowing his acclaimed guides to air, fire, and water, David Carle now offers a fascinating exploration of one more primary element of the natural world-the land beneath our feet. From earthworms and earthquakes to Earth Day, this concise, engaging guide is a multifaceted primer on the literal foundation of California's environment. Carle tells how soil ecosystems function, discusses what lives in the soil, and examines various soil types. He then turns to the relationship between humans and the land, and investigates the various uses and abuses that land in California endures: large scale agriculture, mining, and development, as well as fires, floods, and erosion. The guide also details the history of land use in the state, making it an essential resource for understanding our total reliance on soil, the marvelous substrate that is the basis of life.? Covers the entire state, including California's wildlands, farmland, cities, and landfills? Assesses California's ecological footprint on planet Earth? Discusses many different life forms found in soil, including bacteria, fungi, insects, and mammals? Features 92 color photographs and 18 maps A book in the Californians and Their Environment subseries, dedicated to understanding human influences on the state's ecology and natural resources 410 0$aCalifornia natural history guides ;$vno. 101. 606 $aSoil ecology$zCalifornia 606 $aSoil animals$zCalifornia 606 $aLand use$zCalifornia 608 $aElectronic books. 615 0$aSoil ecology 615 0$aSoil animals 615 0$aLand use 676 $a508.794 700 $aCarle$b David$f1950-$01026593 801 0$bMiAaPQ 801 1$bMiAaPQ 801 2$bMiAaPQ 906 $aBOOK 912 $a9910460036903321 996 $aIntroduction to earth, soil, and land in California$92478328 997 $aUNINA LEADER 01975nas 2200625-a 450 001 996205082003316 005 20230214213019.0 011 $a1573-045X 035 $a(OCoLC)41973282 035 $a(CKB)954925560545 035 $a(CONSER)--2004233182 035 $a(DE-599)ZDB2018867-5 035 $a(MiAaPQ)37429 035 $a(EXLCZ)99954925560545 100 $a19990728a19889999 s-- - 101 0 $aeng 135 $aurmnu|||||||| 181 $ctxt$2rdacontent 182 $cc$2rdamedia 183 $acr$2rdacarrier 200 14$aThe journal of real estate finance and economics 210 $aNew York, NY $cKluwer Academic Publishers 300 $aPublished: Norwell, MA : Springer, 2005- 300 $aRefereed/Peer-reviewed 311 $a0895-5638 531 $aJOURNAL OF REAL ESTATE FINANCE & ECONOMICS 531 $aJOURNAL OF REAL ESTATE FINANCE AND ECONOMICS 531 $aJ REAL ESTATE FINANC 531 $aJ. REAL ESTATE FINANC. ECON 606 $aMortgages$vPeriodicals 606 $aReal property$xFinance$vPeriodicals 606 $aReal estate business$vPeriodicals 606 $aHypothèques$vPériodiques 606 $aBiens réels$xFinances$vPériodiques 606 $aImmobilier$vPériodiques 606 $aMortgages$2fast$3(OCoLC)fst01026642 606 $aReal estate business$2fast$3(OCoLC)fst01090898 606 $aReal property$xFinance$2fast$3(OCoLC)fst01091114 606 $aHW_FM$2less 608 $aPeriodicals.$2fast 615 0$aMortgages 615 0$aReal property$xFinance 615 0$aReal estate business 615 6$aHypothèques 615 6$aBiens réels$xFinances 615 6$aImmobilier 615 7$aMortgages. 615 7$aReal estate business. 615 7$aReal property$xFinance. 615 7$aHW_FM. 676 $a332.72 906 $aJOURNAL 912 $a996205082003316 996 $aThe journal of real estate finance and economics$92092366 997 $aUNISA LEADER 04410nam 22007455 450 001 9910755072203321 005 20251008153516.0 010 $a9783031435362 010 $a3031435362 024 7 $a10.1007/978-3-031-43536-2 035 $a(PPN)28042728X 035 $a(MiAaPQ)EBC30841318 035 $a(Au-PeEL)EBL30841318 035 $a(CKB)28642498200041 035 $a(OCoLC)1407317502 035 $a(DE-He213)978-3-031-43536-2 035 $a(EXLCZ)9928642498200041 100 $a20231030d2023 u| 0 101 0 $aeng 135 $aurcnu|||||||| 181 $ctxt$2rdacontent 182 $cc$2rdamedia 183 $acr$2rdacarrier 200 14$aThe Aarhus Convention $eTowards Environmental Solidarisation /$fby Duncan Weaver 205 $a1st ed. 2023. 210 1$aCham :$cSpringer International Publishing :$cImprint: Palgrave Macmillan,$d2023. 215 $a1 online resource (209 pages) 225 1 $aEnvironmental Politics and Theory,$x2731-6718 311 08$aPrint version: Weaver, Duncan The Aarhus Convention Cham : Springer International Publishing AG,c2023 9783031435355 327 $aChapter 1: Introduction -- Chapter 2: Theoretical Framework -- Chapter 3: Propagation: the Aarhus Convention?s International Context -- Chapter 4: Germination: the Aarhus Convention?s Procedural Trinity -- Chapter 5:Growth: the Aarhus Convention?s Organisational Infrastructure -- Chapter 6: Conclusion: Towards Solidarisation. 330 $aThe Aarhus Convention on access to information, public participation in decision-making and access to justice in environmental matters has been celebrated as a pioneering international environmental agreement. Given that a quarter-century has passed since Aarhus was opened for signature, now is an opportune moment to revisit it from a fresh perspective. Marking this anniversary, this book explores Aarhus from the vista of the English School of International Relations, an ethically-minded perspective used to gauge the prevalence of state-oriented and human-oriented progress from the Convention's rationales and realities. It firstly considers Aarhus' propagation, investigating the legal, diplomatic and geopolitical contexts enabling its emergence. It secondly investigates Aarhus' germination, with reference to its trinity of procedural rights. Thirdly, the book examines the Convention's growth, in terms of the development of its organisational infrastructure. The chief finding is that Aarhus demonstrates, in environmental contexts, the feasibility and benefit of fostering 'humankind' solidarist progress, rooted in moral cosmopolitanism, within the existing power arrangements of a sovereignty-based pluralism. Pluralist concerns for diversity and international order are found to be a precondition for more ethically ambitious solidarist endeavours. These observations reinforce the logic of solidarisation, an English School innovation that presents sovereignty as (a) being ethically matured by solidarism whilst (b) delimiting solidarism within the threshold of states' tolerance. Dr. Duncan Weaver is Senior Lecturer at University of Suffolk, United Kingdom. 410 0$aEnvironmental Politics and Theory,$x2731-6718 606 $aEnvironmental policy 606 $aPolitical science 606 $aEnvironmental law, International 606 $aInternational relations 606 $aEcology 606 $aHuman ecology$xStudy and teaching 606 $aEnvironmental Policy 606 $aPolitical Theory 606 $aInternational Environmental Law 606 $aInternational Relations 606 $aEnvironmental Sciences 606 $aEnvironmental Studies 615 0$aEnvironmental policy. 615 0$aPolitical science. 615 0$aEnvironmental law, International. 615 0$aInternational relations. 615 0$aEcology. 615 0$aHuman ecology$xStudy and teaching. 615 14$aEnvironmental Policy. 615 24$aPolitical Theory. 615 24$aInternational Environmental Law. 615 24$aInternational Relations. 615 24$aEnvironmental Sciences. 615 24$aEnvironmental Studies. 676 $a344.4046 700 $aWeaver$b Duncan$01436301 801 0$bMiAaPQ 801 1$bMiAaPQ 801 2$bMiAaPQ 906 $aBOOK 912 $a9910755072203321 996 $aThe Aarhus Convention$93594844 997 $aUNINA